<?xml version="1.0" encoding="UTF-8"?>
<collection xmlns="http://www.loc.gov/MARC21/slim">
 <record>
  <leader>00545pamaa2200157   4500</leader>
  <controlfield tag="001">0000023931</controlfield>
  <controlfield tag="005">20110221090000.0</controlfield>
  <datafield tag="020" ind1="0" ind2="0">
   <subfield code="a">0312046529 / 0745005411 </subfield>
  </datafield>
  <datafield tag="082" ind1=" " ind2=" ">
   <subfield code="a">320.94 MCE</subfield>
  </datafield>
  <datafield tag="090" ind1="0" ind2="0">
   <subfield code="a">HC240 </subfield>
   <subfield code="b">MCE 1990</subfield>
  </datafield>
  <datafield tag="100" ind1="1" ind2="0">
   <subfield code="a">Mceachern </subfield>
  </datafield>
  <datafield tag="245" ind1="1" ind2="4">
   <subfield code="a">The Expanding state : </subfield>
   <subfield code="b">class and economy in Europe since 1945  </subfield>
   <subfield code="c">Doug McEachern.</subfield>
  </datafield>
  <datafield tag="260" ind1="0" ind2="0">
   <subfield code="a">New York: </subfield>
   <subfield code="b">St. Martin's Press, </subfield>
   <subfield code="c">1990.</subfield>
  </datafield>
  <datafield tag="300" ind1=" " ind2=" ">
   <subfield code="a">231p.; </subfield>
   <subfield code="c">23cm.</subfield>
  </datafield>
  <datafield tag="650" ind1="0" ind2="0">
   <subfield code="a">Europe -- </subfield>
   <subfield code="x">Economics conditions -- </subfield>
   <subfield code="y">1945- </subfield>
  </datafield>
  <datafield tag="650" ind1="0" ind2="0">
   <subfield code="a">Europe -- </subfield>
   <subfield code="x">Economic policy, Europe -- </subfield>
   <subfield code="x">Politics and government -- </subfield>
   <subfield code="y">1945- </subfield>
  </datafield>
 </record>
</collection>
